|
|
|
|
| LEADER |
00000nam0a2200000 4500 |
| 001 |
127967 |
| 005 |
20231031132450.0 |
| 010 |
|
|
|a 9785482017883
|
| 035 |
|
|
|a (RuTPU)RU\TPU\book\138420
|
| 035 |
|
|
|a RU\TPU\book\130022
|
| 090 |
|
|
|a 127967
|
| 100 |
|
|
|a 20071221d2008 m y0rusy50 ca
|
| 101 |
0 |
|
|a rus
|
| 102 |
|
|
|a RU
|
| 105 |
|
|
|a y j 001zy
|
| 200 |
1 |
|
|a Международное право
|e учебник
|f В. М. Шумилов
|
| 210 |
|
|
|a Москва
|c Велби
|d 2008
|
| 215 |
|
|
|a 488 с.
|
| 320 |
|
|
|a Рекомендуемая литература: с. 455-482.
|
| 330 |
|
|
|a Учебник посвящен вопросам международного права и соответствует государственному образовательному стандарту по специальности «Юриспруденция». Содержание книги построено строго в логической последовательности с курсом учебной дисциплины. Учебник снабжен большим количеством примеров из международной практики и разбит на отдельные вопросы со сквозной нумерацией по всем главам. Использование новейшего практического материала и новейших научных подходов сделает более увлекательным процесс подготовки к семинарским занятиям, их проведение и освоение учебного курса. Для студентов, аспирантов, преподавателей юридических факультетов и вузов, а также обучающихся по специальности «Международные отношения».
|
| 333 |
|
|
|a Исключено из фонда НТБ ТПУ
|
| 451 |
|
1 |
|0 (RuTPU)RU\TPU\book\130022
|y 5-482-01400-2
|t Международное право
|o учебник
|f В. М. Шумилов
|c М.
|n Велби
|d 2007
|p 488 с.
|a Шумилов, Владимир Михайлович
|
| 451 |
|
|
|y 978-5-482-01400-4
|
| 686 |
|
|
|a Х91я73
|v LBC/SL-A
|2 rubbk
|
| 700 |
|
1 |
|a Шумилов
|b В. М.
|g Владимир Михайлович
|
| 801 |
|
1 |
|a RU
|b 63413507
|c 20070816
|g PSBO
|
| 801 |
|
2 |
|a RU
|b 63413507
|c 20210224
|g PSBO
|
| 942 |
|
|
|c BK
|